00626nam a2200169 a 450000100100000000500170001000800410002704000250006808200150009311000660010824500450017426000630021930000350028204900090031795201130032699900170043900003107520200930062704.0110613s2010 dr 000 0 spa d aDO-SdBNPbspacBNPHU axxxxbR4261 aRepública Domincana.bDirección General de Aduanas95755414aUna nueva aduanas honesta y de servicio. aSanto Domingo :bDirección General de Aduanas,c[2010?]. a30 p. :bil., retrs. ;c27 cm. aBNPD 0010718PDaPDbPDcCTd2011-06-13iLF1l0oxxxx R426p31075-10r2020-06-25w2020-06-25yLFPDZNo se presta c30567d30567